00489 2200193 4500001002100000005001500021008004100036020002200077035001900099041000700118082001000125090001600135100001800151700002000169245003100189260002800220300002700248650002000275INLIS00000000002494520241224131827241224||||||||| | ||| |||| || |  a978-623-206-090-6 0010-1224024945 aid0 a741.5 a741.5 NUR s0 aNuril Annissa0 aNS. Eramayawati00aSaat Aku Sakit : Cacar Air aSolobTiga Anandac2019 a32 hlm. ; ill. ; 24 cm 0aFiksi Indonesia